Statistiken für Famos Rules

Klicken Sie hier um das Quiz zu spielen!

Allgemein

  • Dieses Quiz wurde 12 mal gespielt
  • Das Durchschnittsergebnis liegt bei 4 aus 10

Antwortstatistiken

HintAntwort% Korrekt
Rome (100 BCE. - 44 BCE.)Gaius Julius Caesar
90%
Mongolia (1162 - 1227)Genghis Khan
80%
France (1769 - 1821)Napoleon Bonaparte
60%
UK (1819 - 1901)Victoria
60%
Egypt (69 BCE. - 30 BCE.)Cleopatra VII
50%
Egypt (1341 BCE. - 1323 BCE.)Tutanchamun
40%
England (1533 - 1603)Elisabeth I
30%
Egypt (1303 BCE.1213 BCE.)Ramses II
30%
India (304 BCE. - 232 BCE.)Ashok the great
0%
China (259 BCE .- 210 BCE.)Qin Shi Huang
0%

Verteilung der Resultate

Perzentil nach korrekt beantworteten Fragen

Anzahl Personen mit jedem Resultat

Ihre Resultats-Entwicklung

Sie haben dieses Quiz noch nicht gespielt